| 000 | 00807nam a22002411 4500 | ||
|---|---|---|---|
| 001 | 105158 | ||
| 003 | ES-MaACL | ||
| 005 | 20251120140902.0 | ||
| 007 | t| | ||
| 008 | 060615s1963 sp ||||0| spa d | ||
| 016 | 7 | _zIND9200523242 | |
| 040 |
_aM-BN _bspa _cA2 |
||
| 080 | _a92(Juan de Ortega, San) | ||
| 100 | 1 |
_aLópez Martínez, Nicolás, _d1925-2006 _973762 |
|
| 245 | 1 | 0 |
_aSan Juan de Ortega / _cNicolás López Martínez ; prólogo de Mons. Buenaventura Diez y Diez. |
| 260 |
_a[Burgos : _bs.n.], _c1963 ( _fImp. Aldecoa) |
||
| 300 |
_a146 p., lam. 1-4 ; _c19 cm. |
||
| 500 | _aSeminario Metropolitano de Burgos. | ||
| 600 | 0 | 4 |
_aJuan de Ortega, _cSanto _967115 |
| 700 | 1 |
_aDíez y Díez, Buenaventura. _944783 |
|
| 852 |
_aES-MaACL _jC-23722 _bR.52502 |
||
| 999 |
_c105158 _d105158 |
||